[Event "CZE-ch U10"]
[Site "Kouty nad Desnou"]
[Date "2017.03.13"]
[Round "3"]
[White "David, Adam"]
[Black "Simunek, Jakub Simon"]
[Result "1-0"]
[WhiteElo "1443"]
[BlackElo "1180"]
[PlyCount "103"]
[EventDate "2017.03.11"]
[EventType "swiss"]
[EventRounds "9"]
[EventCountry "CZE"]
[SourceTitle "CBM 177 Extra"]
[Source "ChessBase"]
[SourceDate "2017.04.27"]
[SourceVersion "1"]
[SourceVersionDate "2017.04.27"]
[SourceQuality "1"]

1. e4 e5 2. Nf3 Nc6 3. d4 exd4 4. Nxd4 Nf6 5. Nc3 Bc5 6. Be3 Bb6 7. Be2 d6 8. 0-0 0-0 9. h3 Re8 10. Bf3 Be6 11. Qd2 Qd7 12. Rad1 Rad8 13. Rfe1 h6 14. Nxc6 bxc6 15. Qe2 Qe7 16. Bxb6 cxb6 17. e5 dxe5 18. Bxc6 Rxd1 19. Rxd1 Rc8 20. Bf3 Bc4 21. Qe3 b5 22. b3 Be6 23. Nxb5 Rxc2 24. Rd2 Rxd2 25. Qxd2 e4 26. Be2 a6 27. Qd6 Qxd6 28. Nxd6 Nd5 29. Bxa6 Nb4 30. Bc4 Bxc4 31. bxc4 Nxa2 32. Nxe4 Nb4 33. Kf1 Kf8 34. Ke2 Ke7 35. Kd2 f5 36. Nc5 Kd6 37. Nd3 Nc6 38. Kc3 g5 39. g4 f4 40. f3 Ke6 41. c5 Kd7 42. Kc4 Ke6 43. Kb5 Nd4+ 44. Kb6 Kd7 45. Ne5+ Kc8 46. c6 Ne6 47. Nf7 Nc7 48. Nxh6 Ne6 49. Nf7 Kb8 50. Ne5 Nf8 51. Nd7+ Nxd7+ 52. cxd7 1-0

[Event "CZE-ch U10"]
[Site "Kouty nad Desnou"]
[Date "2017.03.13"]
[Round "4"]
[White "Spicka, Petr"]
[Black "David, Adam"]
[Result "0-1"]
[WhiteElo "1385"]
[BlackElo "1443"]
[PlyCount "70"]
[EventDate "2017.03.11"]
[EventType "swiss"]
[EventRounds "9"]
[EventCountry "CZE"]
[SourceTitle "CBM 177 Extra"]
[Source "ChessBase"]
[SourceDate "2017.04.27"]
[SourceVersion "1"]
[SourceVersionDate "2017.04.27"]
[SourceQuality "1"]

1. e4 c5 2. c3 e6 3. d4 cxd4 4. cxd4 a6 5. a3 d6 6. Nc3 Nd7 7. Nf3 b5 8. Bd3 Bb7 9. 0-0 Be7 10. Bf4 Ngf6 11. Re1 0-0 12. Qe2 Rc8 13. Rac1 Re8 14. Red1 h6 15. e5 dxe5 16. dxe5 Nd5 17. Nxd5 Bxd5 18. Be4 Rxc1 19. Rxc1 Bxe4 20. Qxe4 Nc5 21. Qe2 Nd3 22. Rd1 Nxf4 23. Qc2 Qb6 24. Qe4 Nd5 25. Ne1 Qc5 26. Nc2 Qc4 27. Rd4 Qc5 28. Rd1 a5 29. Ne3 Nxe3 30. fxe3 Bg5 31. Re1 Qc4 32. Qf3 Rd8 33. Rf1 Rd3 34. Qxf7+ Kh7 35. Qf2 Bxe3 0-1